00286nam a2200121Ia 450000500170000000800410001704100080005810000140006624500480008025000080012826000200013630000080015620251013221639.0251010s9999 xx 000 0 und d aeng aJha ,. A. aSelections From The Writings Of Lord Morley a1ST bMacmillanc1920 a349